İspanyolca Kelimeler - Statistics

General Stats
  • This quiz has been taken 10 times
  • The average score is 6 of 21
Answer Stats
İspanyolca Türkçe % Correct
Rojo Kırmızı
78%
Fiesta Parti
78%
Verde Yeşil
78%
Mujer Kadın
56%
Libertad Özgürlük
56%
Amarillo Sarı
56%
Fresa Çilek
44%
Vida Hayat
44%
Manzana Elma
33%
Sangre Kan
33%
Mariposa Kelebek
22%
Estrella Yıldız
22%
Paz Barış
11%
Tesoro Hazine
11%
Canción Şarkı
11%
Aceituna Zeytin
11%
Baloncesto Basketbol
0%
Barco Gemi
0%
Ciervo Geyik
0%
Paloma Güvercin
0%
Juez Hakim
0%
No matching quizzes found
Score Distribution
Percent of People with Each Score
Percentile by Number Answered
Your Score History
You have not taken this quiz